| 000 | 00789cab a2200265 4500 | ||
|---|---|---|---|
| 001 | ABS52369 | ||
| 008 | 090401t1995 xxu||||| |||| 00| 0 eng d | ||
| 035 | _a(Sirsi) u74956 | ||
| 041 | _aeng | ||
| 100 | _aCohen, R. | ||
| 245 | _aProperty rights: the £694 question | ||
| 260 | _c1995 | ||
| 350 | _a0 | ||
| 490 |
_aEstates Gazette _v(9505) 4 February 1995, 158-159(2) |
||
| 520 | _aConsiders the most appropriate legal remedy available for infringement of property rights. | ||
| 650 | _aDAMAGES | ||
| 650 | _aINJUNCTIONS | ||
| 650 | _aPROPERTY RIGHTS | ||
| 650 | _aRESTRICTIVE COVENANTS | ||
| 650 | _aSHELFER V CITY OF LONDON ELECTRIC LIGHTING CO | ||
| 650 | _aSURREY CC V BREDERO HOMES LTD | ||
| 690 | _aPROPERTY LAW AND PRACTICE | ||
| 942 | _n0 | ||
| 948 | _c04/03/1997 | ||
| 999 |
_c47225 _d47225 |
||